[Event "Valasska Bystrice op"]
[Site "Valasska Bystrice"]
[Date "2015.09.16"]
[Round "6"]
[White "Zlebcik, Ladislav"]
[Black "Sewiola, Petr"]
[Result "1-0"]
[WhiteElo "1915"]
[BlackElo "1749"]
[PlyCount "81"]
[EventDate "2015.09.12"]
[EventType "swiss"]
[EventRounds "9"]
[EventCountry "CZE"]
[SourceTitle "EXT 2016"]
[Source "ChessBase"]
[SourceDate "2015.10.08"]
[SourceVersion "1"]
[SourceVersionDate "2015.10.08"]
[SourceQuality "1"]

1. e4 e5 2. Nf3 Nf6 3. Nxe5 d6 4. Nf3 Nxe4 5. d4 d5 6. Bd3 Be7 7. 0-0 0-0 8. Re1 Nf6 9. Nbd2 Bg4 10. Nf1 Re8 11. Ne3 Bh5 12. Nf5 Nc6 13. c3 Qd7 14. Bf4 Bg4 15. Ne3 Bh5 16. Bf5 Qd8 17. Qc2 Bxf3 18. gxf3 g6 19. Bh3 Nh5 20. Bg3 Bh4 21. Ng2 Rxe1+ 22. Rxe1 Nxg3 23. fxg3 Be7 24. Ne3 Na5 25. Qd3 a6 26. b4 Nc6 27. f4 Bf6 28. Qe2 h5 29. Qf3 Ne7 30. f5 Bg5 31. fxg6 fxg6 32. Nxd5 Nxd5 33. Be6+ Kh8 34. Bxd5 c6 35. Bb3 Qf8 36. Qe4 Qf6 37. Rf1 Qd6 38. Rf3 Rf8 39. Qe5+ Rf6 40. Qe8+ Kh7 41. Qg8+ 1-0

[Event "Valasska Bystrice op"]
[Site "Valasska Bystrice"]
[Date "2015.09.14"]
[Round "4"]
[White "Tajovska, Martina"]
[Black "Sewiola, Petr"]
[Result "1/2-1/2"]
[WhiteElo "1710"]
[BlackElo "1749"]
[PlyCount "41"]
[EventDate "2015.09.12"]
[EventType "swiss"]
[EventRounds "9"]
[EventCountry "CZE"]
[SourceTitle "EXT 2016"]
[Source "ChessBase"]
[SourceDate "2015.10.08"]
[SourceVersion "1"]
[SourceVersionDate "2015.10.08"]
[SourceQuality "1"]

1. e4 e5 2. Bc4 Nf6 3. d3 c6 4. Bg5 Be7 5. Nf3 d5 6. exd5 cxd5 7. Bb5+ Bd7 8. Bxd7+ Nbxd7 9. 0-0 a6 10. Be3 d4 11. Bc1 0-0 12. Re1 Qc7 13. Nbd2 Rfe8 14. Nc4 Bb4 15. Bd2 Bxd2 16. Ncxd2 Rac8 17. Rc1 b5 18. Ne4 Re6 19. Nh4 Rc6 20. Nf5 Kf8 21. Nxf6 1/2-1/2

[Event "Valasska Bystrice op"]
[Site "Valasska Bystrice"]
[Date "2014.09.14"]
[Round "2"]
[White "Sewiola, Petr"]
[Black "Chlevistan, Jaromir"]
[Result "1-0"]
[WhiteElo "1737"]
[BlackElo "1577"]
[PlyCount "61"]
[EventDate "2014.09.13"]
[EventType "swiss"]
[EventRounds "9"]
[EventCountry "CZE"]
[SourceTitle "CBM 162 Extra"]
[Source "ChessBase"]
[SourceDate "2014.10.17"]
[SourceVersion "1"]
[SourceVersionDate "2014.10.17"]
[SourceQuality "1"]

1. e4 c6 2. Nc3 d5 3. d4 dxe4 4. Nxe4 Bf5 5. Ng3 Bg6 6. Nf3 Nd7 7. c3 Ngf6 8. Bc4 e6 9. 0-0 Qc7 10. Bd3 Bxd3 11. Qxd3 0-0-0 12. Ng5 Nb6 13. N3e4 Nxe4 14. Qxe4 h6 15. Nf3 Bd6 16. b3 Nd5 17. c4 Nf6 18. Qe2 Ng4 19. g3 h5 20. c5 Be7 21. Bf4 Qa5 22. h3 g5 23. Nxg5 Bxg5 24. Bxg5 Rxd4 25. hxg4 hxg4 26. Qe5 Rhd8 27. Bxd8 Qxd8 28. Qe2 Qg5 29. Rad1 Qxc5 30. Rxd4 Qxd4 31. Rd1 1-0